| 000 | 00334 a2200121 4500 | ||
|---|---|---|---|
| 020 | _a0070648272 | ||
| 082 | _a620.103 BEE | ||
| 100 | _aBeer, F. P | ||
| 245 |
_aVector Mechanics for Engineers Statics _cF. P. Beer, E. R. Johnston |
||
| 250 | _a8th. ed. | ||
| 260 |
_aNew Delhi _bTata McGraw Hill _c2007 |
||
| 300 |
_axx, 621p. : _bill, ; _c25 cm. |
||
| 650 | _aStatics | ||
| 999 |
_c229 _d229 |
||